Russian Leaders - Statistics

General Stats
  • This quiz has been taken 84 times
  • The average score is 35 of 114
Answer Stats
Reign Leader % Correct
2000-2008 | 2012-Present Vladimir Putin
95%
1924-1953 Joseph Stalin
89%
1922-1924 Vladimir Lenin
89%
1985-1991 Mikhail Gorbachev
79%
1955-1964 Nikita Khrushchev
75%
1331-1340 Ivan I
73%
1353-1359 Ivan II
73%
1462-1505 Ivan III
73%
1533-1584 Ivan IV
73%
1682-1696 Ivan V
73%
1740-1741 Ivan VI
73%
2008-2012 Dmitry Medvedev
70%
1964-1982 Leonid Brezhnev
70%
1825-1855 Nicholas I
70%
1696-1725 Peter I
70%
1727-1730 Peter II
70%
1762 Peter III
70%
1894-1917 Saint Nicholas II
70%
1326-1327 | 1327-1331 Alexander
68%
1801-1825 Alexander I
68%
1855-1881 Alexander II
68%
1881-1894 Alexander III
68%
1252-1263 Saint Alexander
68%
1991-1999 Boris Yeltsin
66%
1725-1727 Catherine I
64%
1762-1796 Catherine II
64%
1982-1984 Yuri Andropov
55%
1984-1985 Konstantin Chernenko
52%
980-1015 Saint Vladimir I
52%
1113-1125 Vladimir II
52%
1953-1955 Georgy Malenkov
39%
1589-1605 Boris
38%
1796-1801 Paul I
34%
1741-1762 Elizabeth
30%
862-879 Rurik
30%
912-945 Igor I
29%
1146 Saint Igor II
29%
1277-1281 | 1283-1293 | 1322-1326 | +2 others Dmitry
27%
1605-1606 False Dmitry I
27%
1362-1389 Saint Dmitry
27%
1730-1740 Anna
25%
1612-1645 Michael
25%
1248 Mikhail
25%
1304-1318 Saint Mikhail
25%
1584-1589 Feodor I
23%
1605 Feodor II
23%
1676-1682 Feodor III
23%
879-912 Oleg
21%
1271-1277 | 1434-1435 Vasily
21%
1389-1425 Vasily I
21%
1425-1434 | 1435-1446 | 1447-1462 Vasily II
21%
1505-1533 Vasily III
21%
1606-1610 Vasily IV
21%
1434 Yuri
20%
1149-1150 | 1150-1151 | 1155-1157 Yuri I
20%
1212-1216 | 1218-1238 Yuri II
20%
1318-1322 Yuri III
20%
1019-1054 Yaroslav I
18%
1238-1246 Yaroslav II
18%
1263-1271 Yaroslav III
18%
1645-1676 Alexis
16%
1125-1132 Mstislav I
13%
1158-1159 | 1167-1169 Mstislav II
13%
1216-1218 Konstantin
11%
945-972 Sviatoslav I
11%
1073-1076 Sviatoslav II
11%
1246-1248 | 1248-1249 Sviatoslav III
11%
1249-1252 Andrey II
9%
1281-1283 | 1293-1304 Andrey III
9%
1157-1174 Saint Andrey I
9%
1340-1353 Simeon
9%
1076-1077 | 1078-1093 Vsevolod I
9%
1139-1146 Vsevolod II
9%
1176-1212 Vsevolod III
9%
972-980 Yaropolk I
9%
1132-1139 Yaropolk II
9%
1174-1175 Yaropolk III
9%
1015-1019 Sviatopolk I
7%
1093-1113 Sviatopolk II
7%
1589 Irina
5%
1054-1068 | 1069-1073 | 1077-1078 Iziaslav I
5%
1146-1149 | 1150 Iziaslav II
5%
1155 | 1157-1158 | 1161 Iziaslav III
5%
1139 | 1150 Viacheslav
5%
1610-1612 Vladislav
5%
1151-1154 Iziaslav II
4%
1174 | 1175-1176 Mikhalko
4%
1154-1155 | 1159-1161 | 1161-1167 Rostislav
4%
1068-1069 Vseslav
4%
No matching quizzes found
Score Distribution
Percent of People with Each Score
Percentile by Number Answered
Your Score History
You have not taken this quiz